000 00718nam a2200289Ia 4500
005 20260324133336.0
008 008 260324s9999 xx 000 0 eng d
020 _a9780429229251
037 _aEBOOK
040 _aCRL
040 _beng
040 _cCRL
041 _2eng
041 _aeng
084 _qCRL
100 _aJack Birner; Pierre Garrouste
_91192731
245 0 _aMarkets, Information and Communication
245 0 _bAustrian Perspectives on the Internet Economy
260 _bTaylor and Francis
260 _c2003
365 _a
365 _b290
856 _uhttp://www.taylorfrancis.com/books/9780429229251
942 _cEBOOK
999 _c1791666
_d1791666